| 000 | 00419pam a2200157a 44500 | ||
|---|---|---|---|
| 008 | 230515b1967 xxu||||| |||| 00| 0 eng d | ||
| 020 | _aNULL | ||
| 041 | _aENGL | ||
| 082 | _a306.7 DAS | ||
| 100 | _a"DAS SINGH MAN," | ||
| 245 | _aINTERNATIONAL JOURNAL OF SOCIOLOGY OF THE FAMILY | ||
| 250 | _a0 | ||
| 260 |
_aKANPUR _bVIKAS PUBLISHING HOUSE PVT.LTD. _c1967 |
||
| 300 | _aNULL | ||
| 650 | _a"SOCIAL SCINCE,SOCIOLOGY" | ||
| 999 |
_c537447 _d537447 |
||